Fields and Waves in Communication Electronics (Record no. 6721)

MARC details
000 -LEADER
fixed length control field 01130cam a2200301 a 4500
001 - CONTROL NUMBER
control field 1107912
003 - CONTROL NUMBER IDENTIFIER
control field OSt
005 - DATE AND TIME OF LATEST TRANSACTION
control field 20260225104226.0
008 - FIXED-LENGTH DATA ELEMENTS--GENERAL INFORMATION
fixed length control field 930824s1994 nyua b 001 0 eng
010 ## - LIBRARY OF CONGRESS CONTROL NUMBER
LC control number 93034415
020 ## - INTERNATIONAL STANDARD BOOK NUMBER
International Standard Book Number 0471585513
040 ## - CATALOGING SOURCE
Original cataloging agency DLC
Transcribing agency DLC
Modifying agency DLC
082 00 - DEWEY DECIMAL CLASSIFICATION NUMBER
Classification number 537 RAM 1993
Edition number 20
100 1# - MAIN ENTRY--PERSONAL NAME
Personal name Ramo, Simon; Whinnery, John R.; Van Duzer, Theodore.
9 (RLIN) 13804
245 10 - TITLE STATEMENT
Title Fields and Waves in Communication Electronics
250 ## - EDITION STATEMENT
Edition statement 3rd ed.
260 ## - PUBLICATION, DISTRIBUTION, ETC. (IMPRINT)
Place of publication, distribution, etc. New York :
Name of publisher, distributor, etc. Wiley,
Date of publication, distribution, etc. 1994.
300 ## - PHYSICAL DESCRIPTION
Extent xix, 844 p. :
Other physical details ill. ;
Dimensions 24 cm.
504 ## - BIBLIOGRAPHY, ETC. NOTE
Bibliography, etc Includes bibliographical references and index.
650 #0 - SUBJECT ADDED ENTRY--TOPICAL TERM
Topical term or geographic name as entry element Electromagnetic fields.
9 (RLIN) 7969
650 #0 - SUBJECT ADDED ENTRY--TOPICAL TERM
Topical term or geographic name as entry element Electromagnetic waves.
9 (RLIN) 7970
650 #0 - SUBJECT ADDED ENTRY--TOPICAL TERM
Topical term or geographic name as entry element Telecommunication.
9 (RLIN) 13805
856 42 - ELECTRONIC LOCATION AND ACCESS
Materials specified Publisher description
Uniform Resource Identifier http://www.loc.gov/catdir/description/wiley032/93034415.html
856 4# - ELECTRONIC LOCATION AND ACCESS
Materials specified Table of Contents
Uniform Resource Identifier http://www.loc.gov/catdir/toc/onix03/93034415.html
906 ## - LOCAL DATA ELEMENT F, LDF (RLIN)
a 7
b cbc
c orignew
d 1
e ocip
f 19
g y-gencatlg
942 ## - ADDED ENTRY ELEMENTS (KOHA)
Source of classification or shelving scheme Dewey Decimal Classification
Koha item type Open Shelf
Holdings
Withdrawn status Lost status Source of classification or shelving scheme Damaged status Not for loan Home library Current library Date acquired Source of acquisition Inventory number Total Checkouts Full call number Barcode Date last seen Koha item type Price effective from
    Dewey Decimal Classification     MUST Main Library MUST Main Library 09/03/2020 Purchase 12/35935   537 RAM 1994 2020-0661 09/03/2020 Open Shelf  
    Dewey Decimal Classification     MUST Main Library MUST Main Library 09/04/2021 Purchase 13/37055   537 RAM 1994 2021-0385 09/04/2021 Open Shelf 09/04/2021
    Dewey Decimal Classification     MUST Main Library MUST Main Library 09/04/2021 Purchase 12/35937   537 RAM 1994 2021-0386 09/04/2021 Open Shelf 09/04/2021
    Dewey Decimal Classification     MUST Main Library MUST Main Library 09/04/2021 Purchase 13/37056   537 RAM 1994 2021-0388 09/04/2021 Open Shelf 09/04/2021
    Dewey Decimal Classification     MUST Main Library MUST Main Library 09/04/2021 Purchase 12/35938   537 RAM 1994 2021-0389 09/04/2021 Open Shelf 09/04/2021
    Dewey Decimal Classification     MUST Main Library MUST Main Library 02/02/2022 Purchase 10/32645   537 RAM 1993 2022-0132 02/02/2022 Open Shelf 02/02/2022
    Dewey Decimal Classification     Main Kihumuro Campus Main Kihumuro Campus 15/02/2021 Purchase 12/35934   537 RAM 1994 2021-0132 15/02/2021 Open Shelf  
    Dewey Decimal Classification     Main Kihumuro Campus Main Kihumuro Campus 09/04/2021 Purchase 12/35936   537 RAM 1994 2021-0387 09/04/2021 Open Shelf